| 000 | 00593cam a2200205 4500500 | ||
|---|---|---|---|
| 005 | 20260329001254.0 | ||
| 041 | _afre | ||
| 042 | _adc | ||
| 100 | 1 | 0 |
_aGuillot, Apolline _eauthor |
| 245 | 0 | 0 | _aPeut-on être trop enthousiaste au bureau ? |
| 260 | _c2023. | ||
| 500 | _a27 | ||
| 690 | _aCommunication | ||
| 690 | _aConformité | ||
| 690 | _aCulture d’entreprise | ||
| 690 | _aMotivation | ||
| 690 | _aSoft skills | ||
| 786 | 0 | _nPhilonomist | - | 7 | 2023-06-21 | p. 2-4 | |
| 856 | 4 | 1 | _uhttps://shs.cairn.info/magazine-philonomist-2023-7-page-2?lang=fr&redirect-ssocas=7080 |
| 999 |
_c1803745 _d1803745 |
||